000 00324nam a2200109 4500
008 180219b xxu||||| |||| 00| 0 eng d
245 _aMindanao drought brings cobras to villages, kills plants.
260 _aPhilippines
_bPhilippine Daily Inquirer
_cc2016
300 _apage C2.
650 0 _926631
_aDrought.
942 _2ddc
_cPER
999 _c8734
_d8734